[Event "Deutsche Ländermeisterschaft 2016"]
[Site "Hannover GER"]
[Date "2016.10.05"]
[Round "7"]
[White "Beeck, Mats"]
[Black "Zienert, Richard"]
[Result "1/2-1/2"]
[Termination "normal"]
[Board "2.2"]
[WhiteElo "2176"]
[BlackElo "2182"]
[WhiteClock "00:37:34"]
[BlackClock "00:41:40"]
[WhiteTeam "Schleswig-Holstein"]
[BlackTeam "Sachsen"]
[PlyCount "52"]
[WhiteFideId "12936944"]
[BlackFideId "12945986"]
[EventCountry "GER"]
[EventRounds "7"]
[EventType "team-swiss"]
[EventDate "2016.09.30"]

1. b3 {[%clk 1:29:54]} Nf6 {[%clk 1:30:54]} 2. Bb2 {[%clk 1:30:17]} e6 {[%clk
1:30:51]} 3. e3 {[%clk 1:28:08]} b6 {[%clk 1:30:21]} 4. f4 {[%clk 1:25:01]} Bb7
{[%clk 1:29:42]} 5. Nf3 {[%clk 1:25:24]} Be7 {[%clk 1:27:23]} 6. Be2 {[%clk
1:23:37]} O-O {[%clk 1:27:46]} 7. O-O {[%clk 1:23:23]} Nd5 {[%clk 1:23:39]} 8.
c4 {[%clk 1:19:59]} Bf6 {[%clk 1:24:02]} 9. Ne5 {[%clk 1:20:04]} Ne7 {[%clk
1:19:17]} 10. Qc2 {[%clk 1:14:11]} d6 {[%clk 1:19:11]} 11. Bf3 {[%clk 1:13:20]}
Qc8 {[%clk 1:17:51]} 12. Bxb7 {[%clk 1:10:26]} Qxb7 {[%clk 1:18:16]} 13. Nf3
{[%clk 1:10:36]} Bxb2 {[%clk 1:18:39]} 14. Qxb2 {[%clk 1:11:01]} Nd7 {[%clk
1:17:21]} 15. Nc3 {[%clk 1:10:50]} a6 {[%clk 1:14:44]} 16. d3 {[%clk 1:08:15]}
b5 {[%clk 1:13:32]} 17. Qe2 {[%clk 1:06:24]} b4 {[%clk 1:11:25]} 18. Ne4 {[%clk
1:03:09]} a5 {[%clk 1:10:42]} 19. a4 {[%clk 0:56:20]} bxa3 {[%clk 1:08:05]} 20.
Rxa3 {[%clk 0:56:19]} Rfb8 {[%clk 1:07:51]} 21. Rfa1 {[%clk 0:56:33]} Qb6
{[%clk 1:02:55]} 22. Nd4 {[%clk 0:52:37]} h6 {[%clk 0:58:49]} 23. Qd2 {[%clk
0:49:25]} f5 {[%clk 0:44:56]} 24. Nf2 {[%clk 0:45:58]} e5 {[%clk 0:40:58]} 25.
fxe5 {[%clk 0:42:53]} dxe5 {[%clk 0:41:22]} 26. Nc2 {[%clk 0:37:34]} Nc6 {[%clk
0:41:40]} 1/2-1/2

[Event "Deutsche Ländermeisterschaft 2016"]
[Site "Hannover GER"]
[Date "2016.10.05"]
[Round "7"]
[White "Wong, Gengchun"]
[Black "Kololli, Martin"]
[Result "1/2-1/2"]
[Termination "normal"]
[Board "2.3"]
[WhiteElo "2069"]
[BlackElo "2202"]
[WhiteClock "00:01:40"]
[BlackClock "00:01:28"]
[WhiteTeam "Sachsen"]
[BlackTeam "Schleswig-Holstein"]
[PlyCount "119"]
[WhiteFideId "12963283"]
[BlackFideId "12936910"]
[EventCountry "GER"]
[EventRounds "7"]
[EventType "team-swiss"]
[EventDate "2016.09.30"]

1. c4 {[%clk 1:29:43]} f5 {[%clk 1:29:29]} 2. Nf3 {[%clk 1:27:41]} Nf6 {[%clk
1:29:45]} 3. g3 {[%clk 1:27:35]} g6 {[%clk 1:30:02]} 4. Bg2 {[%clk 1:27:51]}
Bg7 {[%clk 1:30:25]} 5. O-O {[%clk 1:27:51]} O-O {[%clk 1:30:41]} 6. d4 {[%clk
1:27:58]} d6 {[%clk 1:30:50]} 7. Nc3 {[%clk 1:23:57]} Qe8 {[%clk 1:29:03]} 8.
b3 {[%clk 1:15:10]} c6 {[%clk 1:26:52]} 9. Qc2 {[%clk 1:12:27]} Nh5 {[%clk
1:19:08]} 10. Ba3 {[%clk 1:07:05]} f4 {[%clk 1:17:18]} 11. Rac1 {[%clk
1:04:17]} Bf5 {[%clk 1:11:25]} 12. Qd2 {[%clk 1:04:24]} Qd7 {[%clk 1:11:25]}
13. e3 {[%clk 0:56:36]} Bh3 {[%clk 1:10:03]} 14. Ne2 {[%clk 0:54:23]} Bh6
{[%clk 1:04:11]} 15. Rc3 {[%clk 0:46:00]} Nf6 {[%clk 0:58:18]} 16. Qc2 {[%clk
0:42:01]} Bf5 {[%clk 0:49:59]} 17. Qc1 {[%clk 0:41:17]} Ne4 {[%clk 0:49:51]}
18. exf4 {[%clk 0:40:53]} Nxc3 {[%clk 0:50:04]} 19. Qxc3 {[%clk 0:41:18]} Bg7
{[%clk 0:48:01]} 20. Qe3 {[%clk 0:39:18]} Na6 {[%clk 0:45:07]} 21. Re1 {[%clk
0:38:13]} Rfe8 {[%clk 0:44:01]} 22. Nc3 {[%clk 0:33:27]} Nc7 {[%clk 0:43:18]}
23. Bb2 {[%clk 0:19:52]} Rab8 {[%clk 0:39:08]} 24. Ba1 {[%clk 0:15:09]} b5
{[%clk 0:36:49]} 25. Ne4 {[%clk 0:13:34]} bxc4 {[%clk 0:36:27]} 26. bxc4 {[%clk
0:13:45]} Qe6 {[%clk 0:33:24]} 27. Qc1 {[%clk 0:11:02]} Qd7 {[%clk 0:31:56]}
28. Nh4 {[%clk 0:09:46]} Bxe4 {[%clk 0:28:51]} 29. Bxe4 {[%clk 0:08:39]} d5
{[%clk 0:28:48]} 30. Bd3 {[%clk 0:06:11]} e6 {[%clk 0:27:11]} 31. Nf3 {[%clk
0:04:52]} dxc4 {[%clk 0:25:21]} 32. Bxc4 {[%clk 0:04:59]} Nd5 {[%clk 0:25:41]}
33. h4 {[%clk 0:04:23]} Qf7 {[%clk 0:23:35]} 34. Ng5 {[%clk 0:03:52]} Qf5
{[%clk 0:23:23]} 35. Bf1 {[%clk 0:02:56]} Nb4 {[%clk 0:15:03]} 36. Ne4 {[%clk
0:01:10]} Nxa2 {[%clk 0:10:33]} 37. Qd2 {[%clk 0:00:35]} Nb4 {[%clk 0:08:36]}
38. Bc3 {[%clk 0:00:32]} Bf8 {[%clk 0:07:17]} 39. Kh2 {[%clk 0:00:32]} Nd5
{[%clk 0:05:36]} 40. Bh3 {[%clk 0:00:50]} Qh5 {[%clk 0:04:43]} 41. Ra1 {[%clk
0:22:28]} Rb7 {[%clk 0:22:32]} 42. Ra5 {[%clk 0:21:59]} Rf7 {[%clk 0:19:33]}
43. Ng5 {[%clk 0:21:03]} Rfe7 {[%clk 0:17:50]} 44. Bb2 {[%clk 0:15:26]} h6
{[%clk 0:11:34]} 45. Ne4 {[%clk 0:14:50]} Rf7 {[%clk 0:11:59]} 46. Ba3 {[%clk
0:11:39]} Qf3 {[%clk 0:08:36]} 47. Bg2 {[%clk 0:11:50]} Qb3 {[%clk 0:04:21]}
48. Bxf8 {[%clk 0:11:51]} Rexf8 {[%clk 0:04:45]} 49. Nc5 {[%clk 0:10:31]} Qb8
{[%clk 0:04:54]} 50. Qd3 {[%clk 0:08:51]} Kh7 {[%clk 0:03:18]} 51. h5 {[%clk
0:09:08]} Nxf4 {[%clk 0:01:52]} 52. gxf4 {[%clk 0:08:08]} Qxf4+ {[%clk
0:00:52]} 53. Qg3 {[%clk 0:07:28]} Qxg3+ {[%clk 0:01:09]} 54. fxg3 {[%clk
0:07:50]} gxh5 {[%clk 0:01:25]} 55. Nxe6 {[%clk 0:06:30]} Re8 {[%clk 0:01:16]}
56. Nc5 {[%clk 0:03:26]} Re2 {[%clk 0:01:02]} 57. Ne4 {[%clk 0:02:29]} h4
{[%clk 0:01:06]} 58. gxh4 {[%clk 0:02:24]} Rf4 {[%clk 0:01:16]} 59. Rxa7+
{[%clk 0:02:44]} Kg8 {[%clk 0:01:28]} 60. Kg3 {[%clk 0:01:40]} 1/2-1/2

[Event "Deutsche Ländermeisterschaft 2016"]
[Site "Hannover GER"]
[Date "2016.10.05"]
[Round "7"]
[White "Svane, Frederik"]
[Black "Nguyen, Alex Dac-Vuong"]
[Result "1-0"]
[Termination "normal"]
[Board "2.4"]
[WhiteElo "2082"]
[BlackElo "2160"]
[WhiteClock "00:18:42"]
[BlackClock "00:54:46"]
[WhiteTeam "Schleswig-Holstein"]
[BlackTeam "Sachsen"]
[PlyCount "51"]
[WhiteFideId "12923044"]
[BlackFideId "12984388"]
[EventCountry "GER"]
[EventRounds "7"]
[EventType "team-swiss"]
[EventDate "2016.09.30"]

1. Nf3 {[%clk 1:30:59]} Nf6 {[%clk 1:30:39]} 2. c4 {[%clk 1:31:18]} g6 {[%clk
1:31:02]} 3. d4 {[%clk 1:31:23]} Bg7 {[%clk 1:31:24]} 4. Nc3 {[%clk 1:31:47]}
O-O {[%clk 1:31:27]} 5. e4 {[%clk 1:32:05]} d6 {[%clk 1:31:54]} 6. Be2 {[%clk
1:32:21]} Na6 {[%clk 1:32:19]} 7. O-O {[%clk 1:32:09]} e5 {[%clk 1:32:46]} 8.
Be3 {[%clk 1:24:52]} Ng4 {[%clk 1:19:09]} 9. Bg5 {[%clk 1:22:57]} Qe8 {[%clk
1:17:52]} 10. h3 {[%clk 1:22:41]} h6 {[%clk 1:13:57]} 11. Bh4 {[%clk 1:02:40]}
Nf6 {[%clk 1:14:04]} 12. dxe5 {[%clk 1:02:53]} dxe5 {[%clk 1:14:23]} 13. Bxf6
{[%clk 1:01:14]} Bxf6 {[%clk 1:14:47]} 14. Nd5 {[%clk 1:00:18]} Bg7 {[%clk
1:13:37]} 15. c5 {[%clk 0:56:31]} c6 {[%clk 1:13:46]} 16. Bxa6 {[%clk 0:56:06]}
cxd5 {[%clk 1:12:26]} 17. Qxd5 {[%clk 0:48:57]} Qa4 {[%clk 1:06:53]} 18. Be2
{[%clk 0:33:49]} Qb4 {[%clk 1:03:02]} 19. Qb3 {[%clk 0:21:48]} Qxe4 {[%clk
1:01:16]} 20. Bc4 {[%clk 0:20:37]} a5 {[%clk 0:59:58]} 21. Bd5 {[%clk 0:20:13]}
Qf4 {[%clk 0:58:27]} 22. Rfe1 {[%clk 0:19:05]} Re8 {[%clk 0:56:08]} 23. Re4
{[%clk 0:18:24]} Qf5 {[%clk 0:56:14]} 24. c6 {[%clk 0:18:08]} bxc6 {[%clk
0:54:26]} 25. Bxc6 {[%clk 0:18:32]} Ra7 {[%clk 0:54:46]} 26. g4 {[%clk
0:18:42]} 1-0

[Event "Deutsche Ländermeisterschaft 2016"]
[Site "Hannover GER"]
[Date "2016.10.05"]
[Round "7"]
[White "Simon, Tessa"]
[Black "Kopylov, Daniel"]
[Result "1/2-1/2"]
[Termination "normal"]
[Board "2.5"]
[WhiteElo "1913"]
[BlackElo "2028"]
[WhiteClock "00:02:54"]
[BlackClock "00:03:35"]
[WhiteTeam "Sachsen"]
[BlackTeam "Schleswig-Holstein"]
[PlyCount "155"]
[WhiteFideId "12929395"]
[BlackFideId "12921971"]
[EventCountry "GER"]
[EventRounds "7"]
[EventType "team-swiss"]
[EventDate "2016.09.30"]

1. e4 {[%clk 1:30:59]} c5 {[%clk 1:30:34]} 2. Nf3 {[%clk 1:31:21]} d6 {[%clk
1:30:52]} 3. d4 {[%clk 1:31:45]} cxd4 {[%clk 1:31:17]} 4. Nxd4 {[%clk 1:32:09]}
Nf6 {[%clk 1:31:44]} 5. Nc3 {[%clk 1:32:29]} Nc6 {[%clk 1:31:55]} 6. f3 {[%clk
1:32:43]} e5 {[%clk 1:32:16]} 7. Nb3 {[%clk 1:33:04]} Be7 {[%clk 1:32:33]} 8.
Be3 {[%clk 1:33:18]} Be6 {[%clk 1:32:49]} 9. Qd2 {[%clk 1:33:25]} O-O {[%clk
1:33:06]} 10. Rd1 {[%clk 1:33:10]} a5 {[%clk 1:20:10]} 11. Bb5 {[%clk 1:33:10]}
Na7 {[%clk 1:13:45]} 12. Bd3 {[%clk 1:33:25]} Nc6 {[%clk 1:13:23]} 13. Bb5
{[%clk 1:33:42]} Na7 {[%clk 1:12:37]} 14. Bd3 {[%clk 1:34:03]} Nc8 {[%clk
1:12:34]} 15. O-O {[%clk 1:34:05]} Nb6 {[%clk 1:10:58]} 16. Qf2 {[%clk
1:33:53]} Nc4 {[%clk 1:10:05]} 17. Bxc4 {[%clk 1:34:05]} Bxc4 {[%clk 1:10:26]}
18. Rfe1 {[%clk 1:34:29]} a4 {[%clk 1:07:20]} 19. Nc1 {[%clk 1:34:19]} Be6
{[%clk 0:58:56]} 20. a3 {[%clk 1:32:09]} Qc7 {[%clk 0:57:11]} 21. Nd3 {[%clk
1:30:11]} Rac8 {[%clk 0:43:53]} 22. Nb4 {[%clk 1:27:07]} d5 {[%clk 0:37:52]}
23. Nbxd5 {[%clk 1:22:04]} Nxd5 {[%clk 0:33:29]} 24. exd5 {[%clk 1:21:51]} Bd7
{[%clk 0:33:46]} 25. d6 {[%clk 1:14:11]} Bxd6 {[%clk 0:32:41]} 26. Qd2 {[%clk
1:14:15]} Bxa3 {[%clk 0:32:34]} 27. bxa3 {[%clk 1:13:09]} Qxc3 {[%clk 0:28:21]}
28. Qxc3 {[%clk 1:11:13]} Rxc3 {[%clk 0:28:27]} 29. Rxd7 {[%clk 1:11:37]} Rfc8
{[%clk 0:27:39]} 30. Rxb7 {[%clk 1:03:07]} Rxa3 {[%clk 0:24:22]} 31. c4 {[%clk
1:01:16]} Rc3 {[%clk 0:22:01]} 32. c5 {[%clk 1:00:38]} f6 {[%clk 0:21:11]} 33.
Ra7 {[%clk 0:58:22]} a3 {[%clk 0:20:54]} 34. h3 {[%clk 0:54:45]} Rb8 {[%clk
0:20:45]} 35. c6 {[%clk 0:45:34]} Rxc6 {[%clk 0:15:02]} 36. Rxa3 {[%clk
0:45:25]} Rc2 {[%clk 0:15:24]} 37. Rc1 {[%clk 0:41:04]} Rxc1+ {[%clk 0:14:36]}
38. Bxc1 {[%clk 0:41:12]} Rb7 {[%clk 0:14:57]} 39. Kf2 {[%clk 0:40:26]} h5
{[%clk 0:11:46]} 40. Ra4 {[%clk 0:38:55]} Kh7 {[%clk 0:10:10]} 41. Be3 {[%clk
0:32:24]} Rb2+ {[%clk 0:08:27]} 42. Kf1 {[%clk 0:25:38]} Rc2 {[%clk 0:05:35]}
43. Ra7 {[%clk 0:22:36]} Kg8 {[%clk 0:03:29]} 44. Bb6 {[%clk 0:13:31]} Kh7
{[%clk 0:30:04]} 45. Rc7 {[%clk 0:43:48]} Ra2 {[%clk 0:27:00]} 46. Bc5 {[%clk
0:42:23]} Kg8 {[%clk 0:26:27]} 47. Re7 {[%clk 0:37:31]} Rc2 {[%clk 0:25:28]}
48. Ba3 {[%clk 0:36:33]} Ra2 {[%clk 0:25:23]} 49. Ra7 {[%clk 0:36:36]} Rc2
{[%clk 0:25:28]} 50. Ra8+ {[%clk 0:30:56]} Kh7 {[%clk 0:24:33]} 51. Re8 {[%clk
0:29:10]} Ra2 {[%clk 0:24:31]} 52. Bf8 {[%clk 0:28:29]} Kg8 {[%clk 0:24:17]}
53. Rc8 {[%clk 0:28:16]} Kf7 {[%clk 0:23:06]} 54. Bb4 {[%clk 0:26:20]} Kg6
{[%clk 0:22:18]} 55. Rc7 {[%clk 0:23:47]} Ra8 {[%clk 0:21:28]} 56. Kf2 {[%clk
0:22:57]} Ra2+ {[%clk 0:21:21]} 57. Kg3 {[%clk 0:22:44]} Ra8 {[%clk 0:21:30]}
58. h4 {[%clk 0:21:28]} Kh7 {[%clk 0:21:01]} 59. Kh3 {[%clk 0:18:57]} Rb8
{[%clk 0:20:11]} 60. Bd6 {[%clk 0:18:34]} Ra8 {[%clk 0:20:28]} 61. Rd7 {[%clk
0:13:23]} Rc8 {[%clk 0:18:12]} 62. Be7 {[%clk 0:11:57]} Kg6 {[%clk 0:18:21]}
63. Bb4 {[%clk 0:09:44]} Ra8 {[%clk 0:17:24]} 64. Rd6 {[%clk 0:09:03]} Kh7
{[%clk 0:16:16]} 65. g4 {[%clk 0:07:42]} Ra4 {[%clk 0:15:04]} 66. Rb6 {[%clk
0:08:04]} hxg4+ {[%clk 0:14:31]} 67. Kxg4 {[%clk 0:08:19]} Ra1 {[%clk 0:14:17]}
68. Rb7 {[%clk 0:07:45]} Kg8 {[%clk 0:10:54]} 69. Bc5 {[%clk 0:06:42]} Ra4+
{[%clk 0:09:45]} 70. Kh5 {[%clk 0:06:39]} Ra2 {[%clk 0:08:11]} 71. Rb4 {[%clk
0:04:38]} Kh7 {[%clk 0:07:13]} 72. Kg4 {[%clk 0:02:28]} Rg2+ {[%clk 0:05:46]}
73. Kf5 {[%clk 0:01:55]} Rg3 {[%clk 0:05:56]} 74. f4 {[%clk 0:01:45]} Rf3
{[%clk 0:05:25]} 75. Kg4 {[%clk 0:01:45]} Rxf4+ {[%clk 0:02:46]} 76. Rxf4
{[%clk 0:02:14]} exf4 {[%clk 0:03:11]} 77. Kxf4 {[%clk 0:02:39]} g5+ {[%clk
0:03:35]} 78. hxg5 {[%clk 0:02:54]} 1/2-1/2

[Event "Deutsche Ländermeisterschaft 2016"]
[Site "Hannover GER"]
[Date "2016.10.05"]
[Round "7"]
[White "Köhler, Inken"]
[Black "Burian, Simon"]
[Result "1/2-1/2"]
[Termination "normal"]
[Board "2.6"]
[WhiteElo "2009"]
[BlackElo "1802"]
[WhiteClock "00:05:02"]
[BlackClock "00:12:44"]
[WhiteTeam "Schleswig-Holstein"]
[BlackTeam "Sachsen"]
[PlyCount "124"]
[WhiteFideId "12929301"]
[BlackFideId "12956902"]
[EventCountry "GER"]
[EventRounds "7"]
[EventType "team-swiss"]
[EventDate "2016.09.30"]

1. e4 {[%clk 1:30:58]} c5 {[%clk 1:30:46]} 2. Nf3 {[%clk 1:31:18]} d6 {[%clk
1:30:52]} 3. Bb5+ {[%clk 1:30:39]} Bd7 {[%clk 1:30:52]} 4. Bxd7+ {[%clk
1:30:35]} Qxd7 {[%clk 1:30:32]} 5. c4 {[%clk 1:28:11]} Nc6 {[%clk 1:28:56]} 6.
Nc3 {[%clk 1:19:40]} Nf6 {[%clk 1:26:09]} 7. O-O {[%clk 1:14:28]} g6 {[%clk
1:21:21]} 8. d4 {[%clk 1:13:34]} cxd4 {[%clk 1:19:30]} 9. Nxd4 {[%clk 1:13:55]}
Bg7 {[%clk 1:19:10]} 10. f3 {[%clk 1:10:19]} Nxe4 {[%clk 1:15:19]} 11. Nxe4
{[%clk 1:07:48]} Bxd4+ {[%clk 1:15:25]} 12. Kh1 {[%clk 1:08:12]} O-O {[%clk
1:14:47]} 13. Qe2 {[%clk 1:06:07]} Bg7 {[%clk 1:11:18]} 14. Be3 {[%clk
1:04:49]} b6 {[%clk 0:58:49]} 15. Rfd1 {[%clk 1:01:14]} Qb7 {[%clk 0:57:10]}
16. Rac1 {[%clk 0:59:54]} Rac8 {[%clk 0:53:49]} 17. b3 Rfd8 {[%clk 0:49:06]}
18. Bg5 {[%clk 0:54:58]} h6 {[%clk 0:45:34]} 19. Bh4 {[%clk 0:54:03]} g5 {[%clk
0:44:51]} 20. Bf2 {[%clk 0:53:57]} Qa6 {[%clk 0:42:41]} 21. Ng3 {[%clk
0:44:32]} e6 {[%clk 0:37:58]} 22. Nh5 {[%clk 0:43:08]} Bh8 {[%clk 0:34:48]} 23.
f4 {[%clk 0:42:11]} Qa5 {[%clk 0:33:10]} 24. Be3 {[%clk 0:38:51]} Qf5 {[%clk
0:25:10]} 25. fxg5 {[%clk 0:34:20]} hxg5 {[%clk 0:25:23]} 26. Rf1 {[%clk
0:34:06]} Qe4 {[%clk 0:18:00]} 27. Qf2 {[%clk 0:31:50]} Qg6 {[%clk 0:16:16]}
28. Nf6+ {[%clk 0:21:53]} Bxf6 {[%clk 0:16:21]} 29. Qxf6 {[%clk 0:22:18]} Qxf6
{[%clk 0:16:07]} 30. Rxf6 {[%clk 0:22:44]} g4 {[%clk 0:15:08]} 31. Rcf1 {[%clk
0:22:13]} Rd7 {[%clk 0:14:00]} 32. h3 {[%clk 0:13:57]} Ne5 {[%clk 0:12:42]} 33.
h4 {[%clk 0:10:26]} d5 {[%clk 0:10:16]} 34. cxd5 {[%clk 0:07:40]} Rxd5 {[%clk
0:10:10]} 35. Bf4 {[%clk 0:06:30]} Ng6 {[%clk 0:10:20]} 36. Bg3 {[%clk
0:06:28]} Rf8 {[%clk 0:09:37]} 37. Kh2 {[%clk 0:05:15]} Kg7 {[%clk 0:08:24]}
38. Be1 {[%clk 0:04:41]} Rd3 {[%clk 0:05:32]} 39. Bb4 {[%clk 0:03:11]} g3+
{[%clk 0:03:17]} 40. Kh3 {[%clk 0:01:34]} Rfd8 {[%clk 0:01:46]} 41. Rxf7+
{[%clk 0:01:03]} Kg8 {[%clk 0:01:54]} 42. h5 {[%clk 0:23:24]} Ne5 {[%clk
0:30:26]} 43. Rf8+ {[%clk 0:22:58]} Rxf8 {[%clk 0:30:21]} 44. Bxf8 {[%clk
0:22:43]} Nf7 {[%clk 0:29:10]} 45. Be7 {[%clk 0:21:32]} Rd7 {[%clk 0:24:18]}
46. Bf6 {[%clk 0:20:46]} Rd5 {[%clk 0:23:57]} 47. Kh4 {[%clk 0:17:42]} Nd6
{[%clk 0:22:53]} 48. Rf3 {[%clk 0:14:24]} Nf5+ {[%clk 0:23:04]} 49. Kh3 {[%clk
0:14:40]} Kf7 {[%clk 0:20:03]} 50. Bc3 {[%clk 0:13:53]} Rd1 {[%clk 0:19:06]}
51. Be5 {[%clk 0:08:30]} Rh1+ {[%clk 0:16:15]} 52. Kg4 {[%clk 0:08:59]} Rh2
{[%clk 0:16:20]} 53. Bxg3 {[%clk 0:08:26]} Rxg2 {[%clk 0:16:36]} 54. a4 {[%clk
0:08:17]} Kg7 {[%clk 0:16:21]} 55. Kh3 {[%clk 0:08:22]} Rg1 {[%clk 0:16:19]}
56. Kh2 {[%clk 0:06:49]} Rb1 {[%clk 0:14:43]} 57. Bf4 {[%clk 0:06:39]} Kh7
{[%clk 0:13:30]} 58. Rd3 {[%clk 0:06:17]} a6 {[%clk 0:12:32]} 59. Rd7+ {[%clk
0:06:08]} Kg8 {[%clk 0:12:51]} 60. h6 {[%clk 0:05:21]} Rb2+ {[%clk 0:12:45]}
61. Kg1 {[%clk 0:04:56]} Nxh6 {[%clk 0:12:22]} 62. Bxh6 {[%clk 0:05:02]} Rxb3
{[%clk 0:12:44]} 1/2-1/2

[Event "Deutsche Ländermeisterschaft 2016"]
[Site "Hannover GER"]
[Date "2016.10.05"]
[Round "7"]
[White "Glinzner, Alva"]
[Black "Peglau, Mirjam"]
[Result "0-1"]
[Termination "normal"]
[Board "2.8"]
[WhiteElo "1513"]
[BlackElo "1534"]
[WhiteClock "00:33:44"]
[BlackClock "00:50:36"]
[WhiteTeam "Schleswig-Holstein"]
[BlackTeam "Sachsen"]
[PlyCount "80"]
[WhiteFideId "16206169"]
[BlackFideId "16211138"]
[EventCountry "GER"]
[EventRounds "7"]
[EventType "team-swiss"]
[EventDate "2016.09.30"]

1. e4 {[%clk 1:30:59]} e6 {[%clk 1:30:59]} 2. d4 {[%clk 1:31:25]} d5 {[%clk
1:31:24]} 3. Nd2 {[%clk 1:31:52]} Nf6 {[%clk 1:31:48]} 4. e5 {[%clk 1:32:16]}
Nfd7 {[%clk 1:32:13]} 5. Bd3 {[%clk 1:32:39]} c5 {[%clk 1:32:27]} 6. c3 {[%clk
1:33:05]} Nc6 {[%clk 1:32:49]} 7. Ne2 {[%clk 1:33:25]} cxd4 {[%clk 1:32:52]} 8.
cxd4 {[%clk 1:33:47]} f6 {[%clk 1:33:09]} 9. exf6 {[%clk 1:33:41]} Nxf6 {[%clk
1:33:31]} 10. O-O {[%clk 1:33:28]} Bd6 {[%clk 1:33:54]} 11. Nf3 {[%clk
1:33:07]} O-O {[%clk 1:34:13]} 12. a3 {[%clk 1:32:25]} Bd7 {[%clk 1:34:30]} 13.
Bf4 {[%clk 1:31:18]} Bxf4 {[%clk 1:34:52]} 14. Nxf4 {[%clk 1:31:37]} Ne4 {[%clk
1:34:44]} 15. Ne2 {[%clk 1:30:35]} Rxf3 {[%clk 1:34:50]} 16. gxf3 {[%clk
1:29:21]} Ng5 {[%clk 1:35:13]} 17. Ng3 {[%clk 1:19:24]} Qf6 {[%clk 1:33:34]}
18. Be2 {[%clk 1:14:10]} Nxd4 {[%clk 1:33:25]} 19. Nh5 {[%clk 1:06:25]} Ngxf3+
{[%clk 1:08:06]} 20. Bxf3 {[%clk 1:05:10]} Nxf3+ {[%clk 1:08:30]} 21. Kh1
{[%clk 1:04:33]} Qf7 {[%clk 1:06:06]} 22. Ng3 {[%clk 1:02:28]} Bb5 {[%clk
1:05:22]} 23. Kg2 {[%clk 0:49:35]} Bxf1+ {[%clk 1:05:22]} 24. Qxf1 {[%clk
0:49:43]} Nh4+ {[%clk 1:04:40]} 25. Kg1 {[%clk 0:48:42]} Rf8 {[%clk 1:04:29]}
26. Rc1 {[%clk 0:47:52]} Qf6 {[%clk 1:03:10]} 27. Rc2 {[%clk 0:46:56]} Nf3+
{[%clk 0:59:54]} 28. Kg2 {[%clk 0:46:40]} Qh6 {[%clk 0:59:19]} 29. Qh1 {[%clk
0:46:22]} Nh4+ {[%clk 0:57:39]} 30. Kf1 {[%clk 0:40:46]} Qg6 {[%clk 0:57:31]}
31. Re2 {[%clk 0:38:27]} Qb1+ {[%clk 0:56:30]} 32. Re1 {[%clk 0:37:48]} Qxb2
{[%clk 0:56:55]} 33. Re2 {[%clk 0:36:35]} Qc1+ {[%clk 0:53:28]} 34. Re1 {[%clk
0:36:50]} Qd2 {[%clk 0:53:34]} 35. Re2 {[%clk 0:36:25]} Qd1+ {[%clk 0:53:34]}
36. Re1 {[%clk 0:36:20]} Qd3+ {[%clk 0:52:38]} 37. Re2 {[%clk 0:35:35]} Rf6
{[%clk 0:49:49]} 38. Nh5 {[%clk 0:34:28]} Qh3+ {[%clk 0:50:02]} 39. Ke1 {[%clk
0:33:45]} Nf3+ {[%clk 0:50:18]} 40. Kd1 {[%clk 0:33:44]} Qxh5 {[%clk 0:50:36]}
0-1

[Event "Deutsche Ländermeisterschaft 2016"]
[Site "Hannover GER"]
[Date "2016.10.05"]
[Round "7"]
[White "Baskin, Robert"]
[Black "Carow, Johannes"]
[Result "1/2-1/2"]
[Termination "normal"]
[Board "3.1"]
[WhiteTitle "FM"]
[BlackTitle "FM"]
[WhiteElo "2402"]
[BlackElo "2416"]
[WhiteClock "00:19:45"]
[BlackClock "00:02:34"]
[WhiteTeam "Hessen"]
[BlackTeam "Rheinland-Pfalz"]
[PlyCount "63"]
[WhiteFideId "24662402"]
[BlackFideId "24692050"]
[EventCountry "GER"]
[EventRounds "7"]
[EventType "team-swiss"]
[EventDate "2016.09.30"]

1. e4 {[%clk 1:30:56]} c5 {[%clk 1:30:51]} 2. Nf3 {[%clk 1:31:19]} e6 {[%clk
1:31:14]} 3. d4 {[%clk 1:31:31]} cxd4 {[%clk 1:31:27]} 4. Nxd4 {[%clk 1:31:57]}
Nc6 {[%clk 1:31:21]} 5. Nc3 {[%clk 1:32:15]} d6 {[%clk 1:31:37]} 6. Be3 {[%clk
1:31:51]} Nf6 {[%clk 1:31:06]} 7. f4 {[%clk 1:31:47]} e5 {[%clk 1:25:28]} 8.
Nf3 {[%clk 1:32:04]} Ng4 {[%clk 1:18:45]} 9. Qd2 {[%clk 1:30:20]} Nxe3 {[%clk
1:12:49]} 10. Qxe3 {[%clk 1:30:37]} exf4 {[%clk 1:13:11]} 11. Qxf4 {[%clk
1:31:00]} Be7 {[%clk 1:13:29]} 12. O-O-O {[%clk 1:30:19]} O-O {[%clk 1:12:51]}
13. Kb1 {[%clk 1:28:43]} Be6 {[%clk 1:02:29]} 14. Nd5 {[%clk 1:27:16]} Bxd5
{[%clk 0:41:34]} 15. Rxd5 {[%clk 1:25:48]} Qb6 {[%clk 0:39:35]} 16. c3 {[%clk
1:19:59]} Rad8 {[%clk 0:31:48]} 17. Bc4 {[%clk 1:08:57]} Bf6 {[%clk 0:32:16]}
18. Rf1 {[%clk 0:55:58]} Ne7 {[%clk 0:27:37]} 19. Rd3 {[%clk 0:55:14]} Ng6
{[%clk 0:26:45]} 20. Qf5 {[%clk 0:47:53]} Qc5 {[%clk 0:17:55]} 21. Qxc5 {[%clk
0:36:34]} dxc5 {[%clk 0:18:13]} 22. Rxd8 {[%clk 0:36:50]} Rxd8 {[%clk 0:11:01]}
23. e5 {[%clk 0:34:40]} Be7 {[%clk 0:08:14]} 24. Kc2 {[%clk 0:32:28]} Nf8
{[%clk 0:02:58]} 25. Nd2 {[%clk 0:24:59]} Ne6 {[%clk 0:03:27]} 26. Ne4 {[%clk
0:25:24]} g6 {[%clk 0:03:38]} 27. a4 {[%clk 0:24:32]} Kg7 {[%clk 0:03:09]} 28.
Rf3 {[%clk 0:24:21]} b6 {[%clk 0:02:45]} 29. a5 {[%clk 0:20:23]} bxa5 {[%clk
0:02:19]} 30. Bxe6 {[%clk 0:20:41]} fxe6 {[%clk 0:02:47]} 31. Rd3 {[%clk
0:21:09]} Rd5 {[%clk 0:02:34]} 32. Nd2 {[%clk 0:19:45]} 1/2-1/2